- Bonfil, Ramón G.
Entry Nombre Personal
001 - NUMERO DE CONTROL
- campo de control: 30810
003 - IDENTIFICADOR DE NUMERO DE CONTROL
- campo de control: DLC
005 - FECHA Y HORA DE LA ÜLTIMA TRANSACCIÓN
- campo de control: 20220909101259.0
008 - DATOS DE LONGITUD FIJA
- campo de control de longitud fija: 960920n| acannaab| |a aaa d
010 ## - NÚMERO DE CONTROL DE LA BIBLIOTECA DEL CONGRESO
- Número de control LC: nr 96034018
040 ## - FUENTE DE CATALOGACIÓN
- Agencia original de catalogación: CU-SB
- Lenguaje de catalogación: spa
- Agencia de transcripción: CU-SB
- Agencia que lo modifica: MX-MxUPN
046 ## - FECHAS CON CODIFICACIÓN ESPECIAL
- Fecha de nacimiento: 1905
- Fecha de muerte: 1997
100 1# - ENCABEZAMIENTO - NOMBRE PERSONAL
- Nombre personal: Bonfil, Ramón G.
370 ## - LUGAR ASOCIADO
- Place of birth: Hidalgo (México)
372 ## - CAMPO DE ACTIVIDAD
- Field of activity: Educación rural
374 ## - OCUPACIÓN
- Occupation: Profesor
- Occupation: Político
377 ## - LENGUA ASOCIADA
- Language code: spa
400 1# - VEÁSE - NOMBRE DE PERSONA
- Personal name: Bonfil Viveros, Ramón Guillermo
670 ## - FUENTE EN LA QUE SE LOCALIZARON DATOS
- Cita de la fuente: La revolución agraria y la educación en México, 1992:
- Información localizada: portada (Ramón G. Bonfil)
670 ## - FUENTE EN LA QUE SE LOCALIZARON DATOS
- Cita de la fuente: Educación ejidal, 1945:
- Información localizada: portada (Ramón G. Bonfil)
670 ## - FUENTE EN LA QUE SE LOCALIZARON DATOS
- Cita de la fuente: Wikipedia, 9 septiembre 2022:
- Información localizada: (Ramón Guillermo Bonfil Viveros (Tetepango, Hidalgo, 4 de febrero de 1905 - 30 de agosto de 1997) fue un educador y político mexicano. Participó en el proyecto de educación rural de la incipiente Secretaría de Educación Pública en la época posterior inmediata a la Revolución mexicana. En la política, promovió el bienestar y la educación de los campesinos)
902 ## - CATALOGADOR
- Catalogador: VRC/090922
